Himachal temples and the Bengal connection : Why temples of Mandi, Kullu resemble their Bengal counterparts (Record no. 397018)
[ view plain ]
| 000 -LEADER | |
|---|---|
| fixed length control field | 00597nam a22001937a 4500 |
| 005 - DATE & TIME | |
| control field | 20260216153317.0 |
| 008 - FIXED-LENGTH DATA ELEMENTS--GENERAL INFORMATION | |
| fixed length control field | 260216b |||||||| |||| 00| 0 eng d |
| 020 ## - ISBN | |
| International Standard Book Number | 9798885750585 |
| Price | Rs. 299.00 |
| 040 ## - CATALOGING SOURCE | |
| Original cataloging agency | VIVEKANANDA LIBRARY |
| 082 ## - DDC NUMBER | |
| Classification number | 726.1430954 |
| Book Number | D53H |
| 100 ## - MAIN ENTRY--PERSONAL NAME | |
| Personal name | Dey, Monidipa |
| 245 ## - TITLE STATEMENT | |
| Title | Himachal temples and the Bengal connection : Why temples of Mandi, Kullu resemble their Bengal counterparts |
| 260 ## - PUBLICATION, DISTRIBUTION, ETC. (IMPRINT) | |
| Place of publication, distribution, etc | Gurugram |
| Name of publisher, distributor, etc | Guruda Prakashan |
| Date of publication, distribution, etc | 2022 |
| 300 ## - PHYSICAL DESCRIPTION | |
| Pages | xv, 173 |
| 650 ## - Subject | |
| Subject | Hindu Temples |
| 650 ## - Subject | |
| Subject | Building for Religious Purposes |
| 650 ## - Subject | |
| Subject | India- Visual Arts |
| 942 ## - ADDED ENTRY ELEMENTS (KOHA) | |
| Koha item type | Books |
| Withdrawn status | Lost status | Source of classification or shelving scheme | Damaged status | Not for loan | Location (home branch) | Sublocation or collection (holding branch) | Shelving location | Date acquired | Koha issues (times borrowed) | Koha full call number | Accession No. | Koha date last seen | Koha item type |
|---|---|---|---|---|---|---|---|---|---|---|---|---|---|
| Dewey Decimal Classification | VIVEKANANDA LIBRARY | VIVEKANANDA LIBRARY | Vivekananda Library | 16/02/2026 | 726.1430954 D53H | 314658 | 16/02/2026 | Books |
